| 000 | 00695cam a2200193 4500 | ||
|---|---|---|---|
| 001 | WB3802-27 | ||
| 008 | 020117n2002 000 0 eng u | ||
| 035 | _a(Sirsi) u116356 | ||
| 245 | _aFalconer closes planning loophole | ||
| 260 | _c2002 | ||
| 490 |
_aHouse of Commons Hansard _v 12 December 2001, (1) |
||
| 520 | _aGovernment has decided that planning ministers should now reveal their reasons for refusing to 'call in' a planning application for examination by public enquiry. | ||
| 590 | _aWB | ||
| 650 | _aPLANNING PROCESS | ||
| 650 | _aGOVERNMENT POLICY | ||
| 650 | _aPLANNING APPLICATIONS | ||
| 690 | _aENVIRONMENTAL AND LAND CONSULTANCY-PLANNING AND DEVELOPMENT | ||
| 942 | _n0 | ||
| 999 |
_c69306 _d69306 |
||